000 01160cam a22003373 4500
001 122752
003 http://catalogue.bnf.fr/ark:/12148/cb44365855g
005 20250703101220.0
008 250703b |||||||| |||| 00| 0 eng d
010 _a9780520285484
_bcloth
_balk. paper
010 _a0520285484
_bcloth
_balk. paper
010 _a9780520285491
_bpbk.
_balk. paper
010 _a0520285492
_bpbk.
_balk. paper
_z9780520961319
_bebook
_z0520961315
_bebook
020 _a9780520285484
_qcloth
020 _a978520285491
_qpbk
020 _a9780520961319
_qebook
035 _aOCoLC894139999
040 _cIVS
082 _223
_a704.9436091 SCO
_b12752
100 _a20150922d2015 m y0engy50 ba
210 _aOakland, Calif.
245 _aCritical Landscapes
_bArt,Space,Politics
_cScott,Emily Eliza
260 _aOakland
_bUniversity of California
_cc2015
300 _aBibliogr. en fin de contribution
650 _aArchitecture / Landscape
650 _aArt › History › Contemporary (1945-)
650 _aArchitecture / Urban & Land Use Planning
930 _a704.949 SCOT c
_dN
930 _a2015-222821
_dO
942 _2ddc
_cREF
_n0
999 _c11397
_d11397